000
00251nam a2200097Ia 4500
001
1220889
005
20250827092819.0
008
250824s9999 xx 000 0 und d
245
0
_a
BİN MUHTEŞEM GÜNEŞ
_c
KHALED HOSSEINI
260
_b
EVEREST YAYINLARI
999
_c
1220889
_d
1220889